Tendencias religiosas de la China moderna / (Record no. 50970)

MARC details
000 -LEADER
campo de control de longitud fija 00513nam a2200169 i 4500
001 - NÚMERO DE CONTROL
campo de control 50970
003 - IDENTIFICADOR DE NÚMERO DE CONTROL
campo de control ES-MaACL
005 - FECHA Y HORA DE LA ÚLTIMA TRANSACCIÓN
campo de control 20230906162253.0
007 - CAMPO FIJO DE DESCRIPCIÓN FÍSICA--INFORMACIÓN GENERAL
campo de control de longitud fija t|
008 - DATOS DE LONGITUD FIJA--INFORMACIÓN GENERAL
campo de control de longitud fija 030807s1955 sp ||||1| spa d
100 1# - ENTRADA PRINCIPAL--NOMBRE DE PERSONA
Nombre de persona Chan, Wing-Tsit.
9 (RLIN) 37940
245 10 - MENCIÓN DEL TÍTULO
Título Tendencias religiosas de la China moderna /
Mención de responsabilidad, etc. Wing-Tsit Chan ; versión española de Antonio Dorta.
260 ## - PUBLICACIÓN, DISTRIBUCIÓN, ETC.
Lugar de publicación, distribución, etc. Madrid :
Nombre del editor, distribuidor, etc. Espasa-Calpe,
Fecha de publicación, distribución, etc. 1955.
300 ## - DESCRIPCIÓN FÍSICA
Extensión 336 p. ;
Dimensiones 23 cm.
700 1# - ENTRADA AGREGADA--NOMBRE PERSONAL
Nombre de persona Dorta, Antonio.
9 (RLIN) 45440
852 ## - LOCALIZACIÓN
Ubicación ES-MaACL
Número de control de estantería C-10071
Sublocalización o colección R.38039
Holdings
Estatus retirado Estado de pérdida Estado de daño No para préstamo Biblioteca de origen Biblioteca actual Ubicación en estantería Fecha de adquisición Fuente de adquisición Total de préstamos Signatura topográfica completa Código de barras Visto por última vez Precio de reemplazo Tipo de ítem Koha
        Biblioteca del Ateneo de Madrid Biblioteca del Ateneo de Madrid Sala Palomar 17/01/2008     C-10071 1053601 23/02/2023 23/02/2023 Libro impreso